Normal view
MARC view
Entry Personal Name
001 - CONTROL NUMBER
- control field: 45993
003 - CONTROL NUMBER IDENTIFIER
- control field: dpl
005 - DATE AND TIME OF LATEST TRANSACTION
- control field: 20120428134701.0
008 - FIXED-LENGTH DATA ELEMENTS
- fixed length control field: 120428|||a|||||| | ||| d
040 ## - CATALOGING SOURCE
- Original cataloging agency: dpl
- Transcribing agency: dpl
100 ## - HEADING--PERSONAL NAME
- Personal name: Marks, Stephen P.
670 ## - SOURCE DATA FOUND
- Source citation: Work cat.: (dpl): Marks, Stephen P., The right to developent: a primer / , 2005
670 ## - SOURCE DATA FOUND
- Source citation: Work cat.: (dpl): Marks, Stephen P., The right to developent: a primer / , 2005
